000 00635nam a2200265Ia 4500
005 20260306163954.0
008 008 260114s9999 xx 000 0 eng d
020 _a9781447331919
037 _aEBOOK
040 _aCRL
040 _beng
040 _cCRL
041 _2eng
041 _aeng
084 _qCRL
100 _aClayton, Gupta, Willis
_91129733
245 0 _aUnaccompanied Young Migrants: Identity, Care And Justice
260 _bThe Policy Press
260 _c2019
650 _aLaw
856 _uhttps://academic.oup.com/book/31437
942 _cEBOOK
999 _c1712238
_d1712238